000 00690nam a2200253Ia 4500
003 OSt
005 20220918163437.0
006 a|||||r|||| 00| 0
007 ta
008 220917b |||||||| |||| 00| 0 eng d
020 _a0 9518119 2 4 (hbk)
024 _a235,817
037 _cTextual
040 _aARTS
_cARTS
_beng
041 _2eng
_aeng
082 _aO111,3NDOx, N3.1-.3
100 _aDorman Sean
_913216
245 0 _aSelected works of Sean Dorman
260 _aLondon
_bShort Run Press Ltd. UK
_c1993
300 _a226p.
_ccm.
650 _aENGLISH LITERATURE
942 _hO111,3NDOx, N3.1-.3
_cTEXL
_2CC
999 _c119664
_d119664